000 00904nam a22003017a 4500
001 000208
003 DO-SdBNP
005 20180313153609.0
007 000208
008 151210b 2002 mx a 00| 0 spa d
040 _aBPMSU
_bspa
_cBPMSU
092 _axxxx
_bxxxx
100 1 _aTippens, Paul E.
245 1 0 _aFísica
_bconceptos y aplicaciones
_cPaul E. Tippens, Paul Zitzewitz, Graig Kramer ; traducción Ángel Carlos González Ruiz
250 _a6a. ed.
260 _aMéxico ;
_bMcGraw-Hill,
_c2002.
300 _avi, 542 p.;
_bil.
_c28 cm. + CD Room
500 _aManual del profesor.
500 _aBest seller internacional
700 1 2 _aZitzewitz, Paul
700 1 2 _aKramer, Graig
700 1 2 _aGonzález Ruiz, Ángel Carlos
700 1 2 _aGodo Costa, Juan
_etrad.
910 _a00144
942 _2ddc
_cBK
945 _aInventariado, 2018/ YL
956 _aYngrid Lockward
_b10
_cBPMSU
999 _c9431
_d9431